60 Second Blitz: Ends in 'A' States Quiz Stats

 Plays Quiz Updated Aug 24, 2018

Score 0/21 Timer 01:00
4 Plays Today
State % Correct
California
85.9%
Alabama
84.1%
Florida
79.5%
Alaska
76.8%
North Carolina
70.9%
North Dakota
70.8%
Georgia
70.5%
Arizona
69.5%
South Carolina
69.4%
South Dakota
69.2%
Iowa
59.4%
State % Correct
Montana
57.7%
Virginia
56.8%
Nevada
54.3%
Indiana
52.9%
Louisiana
51.5%
West Virginia
48.9%
Nebraska
46.3%
Oklahoma
44%
Minnesota
43.8%
Pennsylvania
40.6%

You're not logged in!

Compare scores with friends on all Sporcle quizzes.
OR
Log In

Sporcle TV

Today on Sporcle TV


Watch our educational content, quiz creation guides, and fun videos on Sporcle TV.

Show Comments

Extras

Top Quizzes Today


Score Distribution

Your Account Isn't Verified!

In order to create a playlist on Sporcle, you need to verify the email address you used during registration. Go to your Sporcle Settings to finish the process.

Report this User

Report this user for behavior that violates our Community Guidelines.

Details: